00382nam a2200157Ia 45000010006000000050017000060080041000230410008000640820015000721000024000872450060001112600009001713000028001806500008002086540008002161365920260306164817.0260306t2004||||xx |||||||||||||| ||spa|| aESP a005.1bV28 aVan Roy, PetereAUT 0aConcepts, techniques and models of computer programming c2004 a900 páginas :c26 cm. aGEN aCCC